Digital Fortress (Record no. 2440)

MARC details
000 -LEADER
fixed length control field 00371nam a22001697a 4500
005 - DATE AND TIME OF LATEST TRANSACTION
control field 20260413121711.0
008 - FIXED-LENGTH DATA ELEMENTS--GENERAL INFORMATION
fixed length control field 160611b xxu||||| |||| 00| 0 eng d
020 ## - INTERNATIONAL STANDARD BOOK NUMBER
ISBN 978-0-552-15169-6
041 ## - LANGUAGE CODE
Language code of text/sound track or separate title eng
082 ## - DEWEY DECIMAL CLASSIFICATION NUMBER
Item number 7005
100 ## - MAIN ENTRY--AUTHOR NAME
Personal name Brown, Dan.
245 ## - TITLE STATEMENT
Title Digital Fortress
260 ## - PUBLICATION, DISTRIBUTION, ETC. (IMPRINT)
Name of publisher Corgi Books
300 ## - PHYSICAL DESCRIPTION
Number of Pages 509
650 ## - SUBJECT ADDED ENTRY--TOPICAL TERM
Topical Term Management
942 ## - ADDED ENTRY ELEMENTS (KOHA)
Koha item type Books
Holdings
Lost status Damaged status Collection code Home library Current library Shelving location Date acquired Cost, normal purchase price Full call number Accession Number Koha item type
    LIFE SKILL JRU Library JRU Library SHELF-101-G 11/06/2016 2.99 813.54 7005 Books